Statistics for Star Wars A New Hope Characters

Click here to take the quiz!

General Stats

  • This quiz has been taken 24 times
  • The average score is 12 of 15

Answer Stats

HintCharacter% Correct
Protocal droidC-3PO
100%
Co pilot of the falconChewbacca
100%
Father of LukeDarth Vader
100%
A smuggler that flies the falconHan Solo
100%
sister of lukeLeia
100%
Lived on tatooine with his aunt and uncleLuke
100%
Anakin´s droidR2-D2
100%
Master of AnakinObi wan
90%
Killed by Han Solo in Mos Eisley CantinaGreedo
81%
Unlce of LukeUncle Owen
71%
The admiral of the Death StarMoff Tarkin
62%
Soldier of the EmpireStormtrooper
62%
Aunt of LukeAunt Beru
57%
Drives in a SandcrawlerJawa
52%
Flies Tie FighterTie Pilot
24%

Score Distribution

Percentile by Number Answered

Percent of People with Each Score

Your Score History

You have not taken this quiz